Harry Styles - Une lettre, une chanson - Statistiques

Statistiques générales
  • Ce quiz a été pris 965 fois
  • Le résultat moyen est 11 sur 14
Statistiques - réponses
Hint Réponse % Correct
A Adore You / As It Was
91%
F Falling / Fine Line / From the Dining Table
91%
M Matilda / Meet Me in the Hallway / Music for a Sushi Restaurant
91%
C Canyon Moon / Carolina / Cherry / Cinema
90%
K Keep Driving / Kiwi
90%
S Satellite / She / Sign of the Times / Sunflower, Vol. 6 / Sweet Creature
90%
L Late Night Talking / Lights Up / Little Freak / Love of My Life
89%
W Woman / Watermelon Sugar
89%
G Girl Crush / Golden / Grapejuice
82%
T To Be So Lonely / Treat People with Kindness / Two Ghosts
79%
D Daydreaming / Daylight
77%
B Boyfriends
65%
E Ever Since New York
62%
O Only Angel
55%
Aucun quiz correspondant
Distribution des résultats
% des personnes avec chaque résultat
Percentile par nombre de réponses
Votre historique - résultats
Vous n’avez pas pris ce quiz